Alle Pokémon - Mega Entwicklungen - Statistiken

Allgemein
  • Dieses Quiz wurde 354 mal gespielt
  • Das Durchschnittsergebnis liegt bei 33 aus 48
Antwortstatistiken
Typ Pokémon % Korrekt
Geist / Gift Gengar
87%
Feuer / Drache Glurak X
86%
Feuer / Flug Glurak Y
86%
Pflanze / Gift Bisaflor
85%
Feuer / Kampf Lohgock
84%
Wasser 💧 Turtok
84%
Wasser / Boden Sumpex
81%
Pflanze / Drache Gewaldro
80%
Drache / Flug Brutalanda
78%
Kampf / Stahl Lucario
78%
Drache / Fee Altaria
77%
Käfer / Gift Bibor
76%
Drache / Boden Knakrack
76%
Stahl / Boden Stahlos
74%
Psycho 🧠 Simsala
72%
Normal / Flug Tauboss
72%
Eis ❄ Firnontor
70%
Unlicht / Geist Zobiris
70%
Wasser / Unlicht Garados
69%
Gestein / Fee Diancie
68%
Psycho / Fee Guardevoir
68%
Feuer / Unlicht Hundemon
68%
Drache / Psycho Latias
68%
Drache / Psycho Latios
68%
Pflanze / Eis Rexblisar
68%
Käfer / Kampf Skaraborn
68%
Gestein / Flug Aerodactyl
67%
Käfer / Flug Pinsir
67%
Drache / Flug Rayquaza
67%
Käfer / Stahl Scherox
66%
Wasser / Unlicht Tohaido
65%
Elektro / Drache Ampharos
64%
Psycho / Kampf Mewtu X
64%
Elektro ⚡ Voltenso
64%
Stahl / Fee Flunkifer
63%
Stahl / Psycho Metagross
63%
Psycho 🧠 Mewtu Y
63%
Normal / Fee Ohrdoch
63%
Feuer / Boden Camerupt
62%
Gestein / Unlicht Despotar
62%
Psycho / Kampf Galagladi
62%
Stahl 🚃 Stolloss
62%
Normal ✳ Kangama
61%
Geist 👻 Banette
60%
Unlicht 🌜 Absol
55%
Wasser / Psycho Lahmus
54%
Kampf / Psycho Meditalis
54%
Normal / Kampf Schlapor
46%
Keine übereinstimmenden Quizze gefunden
Verteilung der Resultate
Anzahl Personen mit jedem Resultat
Perzentil nach korrekt beantworteten Fragen
Ihre Resultats-Entwicklung
Sie haben dieses Quiz noch nicht gespielt